000 01970nam a2200253Ia 4500
003 Ost
005 20260507075225.0
008 260507s9999||||xx |||||||||||||| ||und||
020 _a55082499579
040 _cfsecg
041 _aara
082 _a330
100 _aالدعمي، عباس كاظم
_eمؤلف
245 0 _aالسياسات النقدية و المالية و إدارة سوق الاوراق المالية /
_c عباس كاظم الدعمي
260 _aعمان:
_bدار صفاء,
_c2010
300 _a416 صفحة؛
_bإيضاحات ؛
_c24 سم
504 _aمراجع ص.399 ؛ فهرس جداول ص.12 ؛فهرس اشكال ص.14 ؛فهرس ملاحق ص.19
520 _aطبيعة السياسة النقدية والسياسات المالية و دورها في المدارس الاقتصادية السياسات النقدية و المالية في إطار الاقتصاد الكلي ، التركيب البنيوي للأسواق المالية ، المؤشرات الرئيسة لأداء أسواق الأوراق المالية و طرائق بنائها ، السوق المالية الكفوء و المحفظة الاستثمارية ، السياسة النقدية و المالية في مصر مؤشرات اداء سوقي مصر ونيويورك للأوراق المالية 1990-2006 ، تحديد المتغيرات و بناء النماذج القياسية ، تقدير و تحليل أثر السياسات النقدية و المالية في مؤشرات أداء سوق مصر و الولايات المتحدة للأوراق المالية، نتائج تحليل أثر السياسات النقدية و المالية في مؤشراتأداء السوقين (دراسة مقارنة ).
653 _aالادارة المالية
653 _aالاقتصاد المالي
653 _aالسياسة المالية
653 _aالسياسة النقدية
942 _cكتاب
999 _c43535
_d43535